NATO QUIZ - Statistiken

Allgemein
  • Dieses Quiz wurde 27 mal gespielt
  • Das Durchschnittsergebnis liegt bei 4 aus 8
Answers on the Grid
Answers color-coded by a green-red scale on the quiz's grid according to % correct below.
Der jetzige Chef der Nato heisst Mark Rutte
Die Flagge der Nato ist Blau mit einem Bierkrug in der Mitte
Amerika ist teil der NATO
Lord Robertson ist mit der NATO afiliert
Keir Starmer kündete am 23.April 2026 den Rücktritt Englands von der NATO an
Donald Trump will das Amerika nicht mehr teil der NATO ist
Die Flagge der Nato besteht aus einem blauen hintergrund und einem Nordstern in der Mitte
Angela Merkel ist Gründungsmitglied der NATO wie wir sie heute kennen
Kanada ist das stärkste NATO Land
Die Schweiz ist Teil der NATO aber nicht Teil der United Nations
Die Schweiz ist Teil der NATO
Saudi-Arabien ist Teil der NATO
NATO hilft ( 2026 ) beim Irankrieg den USA
Unsere Sicherheitspolitik ist schwieriger denn je
Daniel Craig ist ein donor der NATO
Deutschland ist teil der NATO
Das nächste NATO Gipfeltreffen ist 2026 in ANKARA
Das Nächste Gipfeltreffen 2028 ist in New York
 
Antwortstatistiken
Antwort % Korrekt
Deutschland ist teil der NATO
75%
Die Flagge der Nato besteht aus einem blauen hintergrund und einem Nordstern in der Mitte
60%
Der jetzige Chef der Nato heisst Mark Rutte
55%
Donald Trump will das Amerika nicht mehr teil der NATO ist
55%
Amerika ist teil der NATO
50%
Unsere Sicherheitspolitik ist schwieriger denn je
50%
Das nächste NATO Gipfeltreffen ist 2026 in ANKARA
45%
Lord Robertson ist mit der NATO afiliert
20%
Keine übereinstimmenden Quizze gefunden
Verteilung der Resultate
Anzahl Personen mit jedem Resultat
Perzentil nach korrekt beantworteten Fragen
Ihre Resultats-Entwicklung
Sie haben dieses Quiz noch nicht gespielt